000 01090nmm a2200325 a 4500
001 ocm000598055
003 TR-IsHL
005 20201028132019.0
008 131028s2007 tu tur
007 cr cn
020 _a9789758789184
035 _a598055
_b(N$T)
050 0 4 _aN7166
_b.T87 2007
090 0 4 _aN7166
_b.T87 2007
245 1 0 _aTarihte gündelik yaşam ve tasarım: sunumlar 2
_h[electronic resource] /
_chaz. Gülsüm Baydar ... [ve öte.]
250 _a1. bs.
260 _aİzmir :
_bİzmir Ekonomi Üniversitesi,
_c2007
300 _a108 p.
650 4 _aMimarlık ve Tasarım
650 4 _aArchitecture and Design
650 0 _aTasarım, Dekoratif
_x Türkiye
650 0 _aDesign, Decorative
_x Turkey
650 0 _aSanat, Türk
_x Tarihi
650 0 _aArt, Turkish
_x History
650 0 _aMimari, Türk
_x Tarihi
650 0 _aArchitecture, Turkish
_x History
650 7 _aARCHITECTURE / General
_2bisacsh
700 1 _aBaydar, Gülsüm
856 4 0 _uhttp://search.ebscohost.com/login.aspx?direct=true&scope=site&db=e011xww&AN=598055
999 _c4867
_d4867